De la guerra en África / (Record no. 168090)
[ view plain ]
| 000 -LEADER | |
|---|---|
| campo de control de longitud fija | 00778nam a22002295i 4500 |
| 001 - NÚMERO DE CONTROL | |
| campo de control | 168090 |
| 003 - IDENTIFICADOR DE NÚMERO DE CONTROL | |
| campo de control | ES-MaACL |
| 005 - FECHA Y HORA DE LA ÚLTIMA TRANSACCIÓN | |
| campo de control | 20260209164132.0 |
| 008 - DATOS DE LONGITUD FIJA--INFORMACIÓN GENERAL | |
| campo de control de longitud fija | 990922s1887 sp |||| | spa d |
| 040 ## - FUENTE DE CATALOGACIÓN | |
| Centro catalogador/agencia de origen | CYL |
| Lengua de catalogación | spa |
| Centro/agencia transcriptor | CYL |
| 100 0# - ENTRADA PRINCIPAL--NOMBRE DE PERSONA | |
| Nombre de persona | Yusuf. |
| 9 (RLIN) | 133999 |
| 245 1# - MENCIÓN DEL TÍTULO | |
| Título | De la guerra en África / |
| Mención de responsabilidad, etc. | por el General Yusuf. |
| 260 ## - PUBLICACIÓN, DISTRIBUCIÓN, ETC. | |
| Lugar de publicación, distribución, etc. | Barcelona : |
| Nombre del editor, distribuidor, etc. | Revista Científico-Militar y Biblioteca Militar, |
| Fecha de publicación, distribución, etc. | 1887 ( |
| Fabricante | Imprenta de F. Giró) |
| 300 ## - DESCRIPCIÓN FÍSICA | |
| Extensión | 122 p. ; |
| Dimensiones | 17 cm. |
| 490 1# - MENCIÓN DE SERIE | |
| Mención de serie | Biblioteca militar |
| 594 ## - Nota al título y mención de responsabilidad | |
| Nota al título y mención de responsabilidad | Según Palau, Yusuf posiblemente es un seudónimo. |
| 650 #7 - PUNTO DE ACCESO ADICIONAL DE MATERIA--TÉRMINO DE MATERIA | |
| Término de materia o nombre geográfico como elemento de entrada | África- |
| Subdivisión general | Historia militar- |
| Subdivisión cronológica | S. XIX |
| Fuente del encabezamiento o término | |
| 9 (RLIN) | 135513 |
| 752 ## - ENTRADA AGREGADA--NOMBRE JERÁRQUICO DEL LUGAR | |
| País o entidad superior | España - |
| Ciudad | Barcelona |
| 830 0# - PUNTO DE ACCESO ADICIONAL DE SERIE-TÍTULO UNIFORME | |
| Título uniforme | Biblioteca militar |
| 9 (RLIN) | 181165 |
| 852 ## - LOCALIZACIÓN | |
| Ubicación | ES-MaACL |
| Número de control de estantería | G-9921 |
| Nota libre | -- Enc. hol. |
| Estatus retirado | Estado de pérdida | Estado de daño | No para préstamo | Colección | Biblioteca de origen | Biblioteca actual | Ubicación en estantería | Fecha de adquisición | Fuente de adquisición | Total de préstamos | Signatura topográfica completa | Código de barras | Visto por última vez | Precio de reemplazo | Tipo de ítem Koha |
|---|---|---|---|---|---|---|---|---|---|---|---|---|---|---|---|
| Libros del s. XIX | Biblioteca del Ateneo de Madrid | Biblioteca del Ateneo de Madrid | Sala Pecera Planta 3 | 17/01/2008 | G-9921 | 1176364 | 23/02/2023 | 23/02/2023 | Libro impreso antiguo |
